Biblioteca

Goza de la vida con la mujer que amas (Registro nro. 69976)

Detalles MARC
000 -LÍDER
Campo fijo de descripción fija 01051nab a2200229 i 4500
001 - NÚMERO DE CONTROL
Campo de control 768714001
003 - IDENTIFICADOR DEL NÚMERO DE CONTROL
Campo de control CO-MdFUSB
005 - FECHA Y HORA DE LA ULTIMA TRANSACCIÓN
control field 20240529151623.0
008 - ELEMENTOS DE LONGITUD FIJA -- INFORMACIÓN GENERAL
Campo fijo de descripción fija -- Información general 240529t1972 ag ||||| |||| 00| 0 spa d
040 ## - FUENTE DE CATALOGACIÓN
Idioma de catalogación spa
Agencia que realiza la transcripción CO-MdFUSB
Agencia que realiza la modificación CO-MdFUSB
041 ## - CÓDIGO DE IDIOMA
Código de idioma para texto/pista de sonido o título separado spa
100 ## - ASIENTO PRINCIPAL--NOMBRE PERSONAL
Nombre personal Grau, José
Fechas asociadas con el nombre 1931-2014
Término relacionador autor
245 ## - TÍTULO
Título Goza de la vida con la mujer que amas
Mención de responsabilidad / José Grau
520 ## - NOTA DE RESUMEN, ETC.
Nota de sumario, etc. En la Revelación que Dios ha hecho de sí mismo -nо en la deformación que nosotros hemos llevado a cabo de su carácter y de su mensaje-, da a conocer su preocupación por la felicidad del ser humano en todas las esferas de la existencia. Y como no podía ser de otra manera, también en la esfera de las relaciones hombre-mujer.
650 #7 - ASIENTO SECUNDARIO DE MATERIA - TERMINO TEMÁTICO
Término temático o nombre geográfico como elemento de entrada Parejas
9 (RLIN) 301
650 #7 - ASIENTO SECUNDARIO DE MATERIA - TERMINO TEMÁTICO
Término temático o nombre geográfico como elemento de entrada Amor
9 (RLIN) 366
650 #7 - ASIENTO SECUNDARIO DE MATERIA - TERMINO TEMÁTICO
Término temático o nombre geográfico como elemento de entrada Hombres
Subdivisión general Conducta sexual
9 (RLIN) 7142
650 #0 - ASIENTO SECUNDARIO DE MATERIA - TERMINO TEMÁTICO
Término temático o nombre geográfico como elemento de entrada Biblia
9 (RLIN) 16
773 0# - ASIENTO DE ITEM FUENTE
Biblionumber 69974
Itemnumber 82716
Lugar, editorial y fecha de publicación Buenos Aires
Otro identificador del ítem R2608
Título Certeza
Número de control del registro (CO-MdFUSB)768714001
Parte(s) relacionada(s) / Volumen., número. (mes año), páginas Número 47, (1972) páginas: 216 - 217
Enumeración y primera página página: 216
942 ## - TIPO DE MATERIAL (KOHA)
Tipo de Item KOHA Artículos de Revista
945 ## - INFORMACIÓN LOCAL DEL REGISTRO
Catalogador Catherine Arias Álvarez - Practicante SENA

No hay ítems disponibles.

Biblioteca FUSBC | Teléfono: (57+4) 349 88 10 Ext. 141| WhatsApp (+57) 3005338115 
E-mail: biblioteca@unisbc.edu.co | Calle 76 87-14 Robledo Palenque, Medellín, Colombia

Con tecnología Koha